000 00318nam a22001457a 4500
008 210602b ||||| |||| 00| 0 eng d
020 _a9780136065722
041 _aeng
080 _211th
_a37
082 _a37
100 _a46
101 _aEDU
245 _a College Accounting
_cJeffrey Slater
942 _2udc
_cBK
999 _c57895
_d57895